000 00707nam a2200265Ia 4500
005 20260302115340.0
008 008 260114s9999 xx 000 0 eng d
020 _a9798400631474
037 _aTextbook
040 _aCRL
040 _beng
040 _cCRL
041 _2eng
041 _aeng
084 _qCRL
100 _aSamuel Amell
_91121373
245 4 _aThe Contemporary Spanish Novel An Annotated, Critical Bibliography, 1936-1994
260 _bBloomsbury
260 _bGreenwood
260 _c1996
650 _aLiterary Studies
856 _uhttps://doi.org/10.5040/9798400631474?locatt=label:secondary_bloomsburyCollections
942 _cEBOOK
999 _c1685889
_d1685889